| 000 | 00748nam a2200289Ia 4500 | ||
|---|---|---|---|
| 008 | 160803s9999 xx 000 0 und d | ||
| 020 | _a 978-1416990512 | ||
| 100 | _aSnyder, Zilpha Keatley. | ||
| 245 | 4 | _aThe Egypt game / | |
| 245 | _cZilpha Keatley Snyder ; illustrated by Alton Raible. | ||
| 260 | _aNew York : | ||
| 260 | _bScholastic Inc. | ||
| 260 | _c1967 | ||
| 300 | _a215 pages : | ||
| 300 | _billustrations ; | ||
| 300 | _c20 cm | ||
| 650 | _aEgypt -- | ||
| 650 | _aEgypt -- | ||
| 650 | _aGames -- | ||
| 650 | _aImagination -- | ||
| 650 | _aImagination -- Fiction. | ||
| 650 | _xFiction. | ||
| 650 | _xJuvenile fiction. | ||
| 650 | _xJuvenile fiction. | ||
| 650 | _xJuvenile fiction. | ||
| 700 | _a1010 | ||
| 999 |
_c298677 _d298677 |
||